Indian Premier League 2024 Teams and Captains - Statistics

General Stats
  • This quiz has been taken 189 times
    179 since last reset
  • The average score is 22 of 30
Answer Stats
Answer % Correct
Chennai
91%
Delhi
91%
Mumbai
91%
Gujarat
88%
Kolkata
87%
Bangalore
86%
Hyderabad
86%
Punjab
86%
Lucknow
85%
Rajasthan
84%
Hardik Pandya
73%
Ruturaj Gaikwad
73%
Rishabh Pant
72%
KL Rahul
70%
Shubman Gill
70%
Pat Cummins
69%
Capitals
68%
Royal Challengers
68%
Sanju Samson
68%
Indians
67%
Kings
67%
Knight Riders
67%
Royals
67%
Super Kings
67%
Titans
67%
Faf du Plessis
66%
Shreyas Iyer
66%
Sunrisers
64%
Super Giants
64%
Shikhar Dhawan
56%
No matching quizzes found
Score Distribution
Percent of People with Each Score
Percentile by Number Answered
Your Score History
You have not taken this quiz since the last reset